banner-ar

عزت السعدنى: الكتابة بمداد الحب والبراءة / (Record no. 50463)

MARC details
000 -الفاتح
حقل البيانات ثابتة الطول 00715nam a2200193Ia 4500
008 - عناصر البيانات ثابتة الطول - معلومات عامة
حقل البيانات ثابتة الطول 140319s9999 xx 000 0 ara d
040 ## - مصدر الفهرسة
وكالة الفهرسة الأصلية GCL /
وكالة النسخ GCL
082 04 - رقم تصنيف ديوى العشرى
رقم التصنيف 920.5
رقم المادة م ع
100 1# - المدخل الرئيسى - إسم شخصى
الإسم الشخصى المركز القومى للبحوث الاجتماعي
245 10 - بيان العنوان
العنوان عزت السعدنى: الكتابة بمداد الحب والبراءة /
بيان المسئوليه,etc المركز القومى للبحوث الاجتماعي
700 1# - المدخل الاضافى - اسم شخصى
الإسم الشخصى المركز القومى لثقافة الطفل
300 ## - الوصف المادى
التعداد 31 ص
490 ## - بيان السلسلة
عنوان السلسلة الهيئة العامة للاستعلامات
رقم المجلد/ التعيين التسلسلي 0
650 04 - المدخل الاضافى بالموضوع-مصطلح موضوعى
مصطلح موضوعي الصحافة
650 04 - المدخل الاضافى بالموضوع-مصطلح موضوعى
مصطلح موضوعي الصحفيون المصريون
650 04 - المدخل الاضافى بالموضوع-مصطلح موضوعى
مصطلح موضوعي الصحفيون - تراجم
942 ## - عناصر المدخل الإضافي( كوها)
مصدر التصنيف او مخطط الترفيف Dewey Decimal Classification
Koha [default] item type كتاب
Holdings
حالة التراجع حالة الفقد حالة تلف ليس للاعارة المكان المؤقت الموقع الحالى تاريخ الاكتساب اجمالي اﻻعارات رقم الطلب الباركود تاريخ اخر مشاهدة تاريخ تفعيل السعر نوع وعاء كوها
        مكتبة القاهرة الكبرى مكتبة القاهرة الكبرى 03/26/2014   920.5\م ع 121032 03/26/2014 03/26/2014 كتاب

Powered By

EGPV